000 00670cam a22002294a 4500
999 _c143420
_d143420
003 UPN
005 20210928175641.0
008 090622s2004 nyu r 000 1 spa d
020 _a0439663776
035 _aUPN01000171315
040 _aUPN
_bspa
_cUPN
049 _aCG
050 4 _aPR9199.3 K6.44
_aI7.4
100 1 _aKorman, Gordon,
_d1963-
245 1 3 _aLa isla :
_blibro uno : el naufragio /
_cGordon Korman ; tr. Jorge I. Domínguez.
260 _aNew York :
_bScholastic,
_c2004.
300 _a146 p.
534 _pTraducción de:
_tAs island book one : shipwreck
650 4 _aLITERATURA JUVENIL CANADIENSE
_915065
905 _aLibro
942 _2lcc
_cLIBRO